Introduction to biostatistics: A textbook of biometry (Record no. 361460)

MARC details
000 -LEADER
fixed length control field 00501 a2200193 4500
005 - DATE & TIME
control field 20250224163240.0
008 - FIXED-LENGTH DATA ELEMENTS--GENERAL INFORMATION
fixed length control field 250224b |||||||| |||| 00| 0 eng d
020 ## - ISBN
International Standard Book Number 9788121923293
Price Rs. 395.00
040 ## - CATALOGING SOURCE
Original cataloging agency VIVEKANANDA LIBRARY
082 ## - DDC NUMBER
Classification number 570.15195
Book Number B223I(4)
100 ## - MAIN ENTRY--PERSONAL NAME
Personal name Banerjee, Parnab Kumar
245 ## - TITLE STATEMENT
Title Introduction to biostatistics: A textbook of biometry
250 ## - EDITION STATEMENT
Edition statement 4th
260 ## - PUBLICATION, DISTRIBUTION, ETC. (IMPRINT)
Name of publisher, distributor, etc S Chand
Date of publication, distribution, etc 2024
Place of publication, distribution, etc Noida
300 ## - PHYSICAL DESCRIPTION
Pages ix, 389
650 ## - Subject
Subject Biostatistics
650 ## - Subject
Subject Biology
942 ## - ADDED ENTRY ELEMENTS (KOHA)
Koha item type Books
Holdings
Withdrawn status Lost status Source of classification or shelving scheme Damaged status Not for loan Location (home branch) Sublocation or collection (holding branch) Shelving location Date acquired Koha issues (times borrowed) Koha full call number Accession No. Koha date last seen Koha item type
    Dewey Decimal Classification     VIVEKANANDA LIBRARY VIVEKANANDA LIBRARY Vivekananda Library 13/02/2025   570.15195 B223I(4) 437515 13/02/2025 Books
    Dewey Decimal Classification     VIVEKANANDA LIBRARY VIVEKANANDA LIBRARY Vivekananda Library 13/02/2025   570.15195 B223I(4) 437514 13/02/2025 Books
    Dewey Decimal Classification     VIVEKANANDA LIBRARY VIVEKANANDA LIBRARY Vivekananda Library 13/02/2025   570.15195 B223I(4) 437516 13/02/2025 Books
© Designed and Maintained by Vivekananda Library, MDU Rohtak